000 nam a22 7a 4500
999 _c174539
_d174539
003 Nust
005 20170201093402.0
008 170131b xxu||||| |||| 00| 0 eng d
040 _c0
050 _b628 HAS
082 _a628 HAS
100 _aHashmat,Amer Jamal
245 _aA Study To Evaluate Economical and Efficient Mix Of Alum With Natural Polymer In Coagulation-Flocculation Processes
_cAmer Jamal Hashmat
260 _aRawalpindi
_bIESE (SCEE) NUST
_c1999.
300 _a88 p.
_bPB.
440 _aMS Environmental Engineering
500 _aThesis MS EE
650 _aEnvironmental Engineering
700 _4Muhammad Sajjad (Supervisor)
942 _2ddc
_cTHE
_kIESE